000 005080000a22001810004500
003 MACL
005 20160520114949.0
008 160520b xxu||||| |||| 00| 0 eng d
040 _aMACL
_cMACL
041 _aHindi
082 _a891.433
100 _aशकून, सत्‍य
_94843
245 _aकजरी
_cशकुन सत्‍य
260 _bअरूण प्रकाशन
_c2001
_aदिल्‍ली
350 _a125
650 _aStory
_958360
942 _cHIN
_k800/SHA/S
_2ddc
999 _c19213
_d19213